| 000 | 00560nam a22001937a 4500 | ||
|---|---|---|---|
| 999 |
_c192422 _d192422 |
||
| 005 | 20220921144527.0 | ||
| 010 | _aENG-135159 | ||
| 020 | _c116.00 | ||
| 035 | _aEN-118691 | ||
| 037 | _bDBAD / PUB | ||
| 082 | _a480 | ||
| 100 | _aNarayana,Surya | ||
| 245 |
_aMethods of Teaching English/ _cby Surya Narayana [and ] Satya Narayana |
||
| 260 |
_bD.Surya Kumari _c2009 _aMachilipatnam |
||
| 270 |
_aMIG-143,A.P.H.B.Colony, _bMachilipatnam _e521001 |
||
| 300 |
_avp.: _c21cm(pbk) |
||
| 700 | _aNarayana,Satya | ||
| 942 |
_2ddc _cEN _mNAR _h480 |
||